000 00497nam a2200181Ia 4500
005 20250423095346.0
008 250422s9999 xx 000 0 und d
020 _a007058799X
050 _aHG 187.I4 B48/
100 _aBhole, L. M.
245 0 _aFinancial institutions and markets : structure growth and innovations
250 _a4th ed.
260 _aNew Delhi
260 _bTata McGraw-Hill
260 _c2004
650 _aFinance--India. Financial institutions--India.
942 _cBK
999 _c30037
_d30037